MARC

LEADER 00000nam0a2200000 4500
001 158515
005 20231101222037.0
035 |a (RuTPU)RU\TPU\book\171909 
090 |a 158515 
100 |a 20090423d1956 m y0rusy50 ca 
101 0 |a rus 
102 |a RU 
105 |a a z 000za 
200 1 |a Воспоминания и очерки  |f А. Н. Крылов 
210 |a Москва  |c Изд-во АН СССР  |d 1956 
215 |a 884 с.  |c ил. 
600 1 |a Крылов  |b А. Н.  |c русский механик, математик  |c кораблестроитель  |f 1863-1945  |g Алексей Николаевич  |2 stltpush  |3 (RuTPU)RU\TPU\pers\15029  |9 5131 
610 1 |a воспоминания 
610 1 |a очерки 
610 1 |a автобиография 
610 1 |a кораблестроение 
675 |a 629.12  |v 3 
700 1 |a Крылов  |b А. Н.  |c русский механик, математик  |c кораблестроитель  |f 1863-1945  |g Алексей Николаевич  |2 stltpush  |3 (RuTPU)RU\TPU\pers\15029  |9 5131 
712 0 2 |a Академия наук СССР (АН СССР)  |c (1925-1991)  |2 stltpush  |3 (RuTPU)RU\TPU\col\722 
801 1 |a RU  |b 63413507  |c 20090423  |g PSBO 
801 2 |a RU  |b 63413507  |c 20160322  |g PSBO 
942 |c BK